000 00598nam a2200205 a 4500
001 3970
005 20140414131920.0
008 040721s19uu xx 00 eng d
020 _a0-307-98858-9
050 _aER
_bOn2 1998
100 _aBazaldua, Barbara
245 _aRainbow puppies /
_cwritten by Barbara Bazaldua ; illustrated by Len Smith and Cindi Bothner.
260 _aNew York :
_bA Golden Book,
_c1998.
300 _a1 v. p. : ill. ; cm.
440 _aDisney's 101 Dalmatians
650 _aPuppies
_xFiction.
650 _aChildren stories.
999 _c111675
_d111675